000 00393nam a22001337a 4500
008 180925b xxu||||| |||| 00| 0 eng d
020 _a9780805090529
041 _aeng
080 _a616.8
100 _a7
101 _aTRU
245 _aBeyond Boundaries The Neurosciencs Of Connecting Brains With Machines And How It Will Chanells Our Lives
_cNicolelis.m
942 _2udc
_cBK
999 _c48459
_d48459